| 000 | 00719nam a22002177a 4500 | ||
|---|---|---|---|
| 999 |
_c19551 _d19551 |
||
| 003 | AR-CdUCM | ||
| 008 | 190518b ||||| |||| 00| 0 spa d | ||
| 040 |
_aMUNICIPALIDAD PROVINCIAL DEL CUSCO _cBIBLIOTECA MUNICIPAL DEL CUSCO |
||
| 041 | _heng | ||
| 082 |
_a999 / _bS91 |
||
| 100 |
_aSullivan, Walter _940464 |
||
| 245 | _aEn busca de un continente / | ||
| 260 |
_aMéxico ; _bRoble, _c1965. |
||
| 300 |
_a444 páginas ; _bFotografías, _c22 cm. |
||
| 505 | _aContinente: La era heroica -- La edad del aire llega al antártica -- primeros reclamantes... | ||
| 650 |
_aDescubrimientos _9257 |
||
| 650 |
_aTierra adentro _940961 |
||
| 650 |
_aContinentes _9105 |
||
| 942 |
_2ddc _cLIBROS |
||
| 945 |
_adavv _d2019-05-18 |
||